000 01247nam a2200349Ia 4500
001 366474
003 EC-QuCCB
005 20240422123634.0
007 ta
008 130917s1996 ec a|||gr 001 0dspa d
017 _a010317
020 _a9978-95-108-3
040 _aEC-QuCCB
041 0 _aspa
043 _as-ec
082 _a736.4866
_bE749
084 _aFER2Lc000849
100 1 _92490
_aEscudero de Terán, Ximena,
_d1950-
245 1 0 _aNeptalí Martínez :
_bla permanencia del arte colonial
_cXimena Escudero-Albornoz
260 _aQuito, Ecuador :
_bEdiciones Fundación El Comercio,
_c1996
300 _a103 páginas :
_bilustraciones ;
_c31 cm
336 _atexto
_btxt
337 _ano mediado
_bn
338 _avolumen
_bnc
504 _aBibliografía : página 103
505 0 _aEsquema biográfico -- La Obra: Fascinación por el arte colonial -- Adaptación de lo tradicional a lo moderno: Técnicas de la talla en madera-- Resumen esquemático de la vida de Neptalí Martínez -- Catálogo de la obra -- Apéndice documental
590 _ajcc
600 1 0 _943220
_aMartínez Jaramillo, Neptalí.
_d1910-‏
650 _aArte ecuatoriano
_911021
650 _aEscultura ecuatoriana
_912565
942 _2loc
_cBK
999 _c13364
_d13364